A Tomorrowland, mint az egyik vezető fesztivál szerepe a nemzetközi fesztiválpiacon

Bibliográfiai részletek
Szerző: Horváth Szandra
További közreműködők: Bándoli Attila István
Dokumentumtípus: Diplomadolgozat
Kulcsszavak:Belgium
fesztivál
nemzetközi rendezvények
rendezvények
zene
Online Access:http://dolgozattar.uni-bge.hu/59579

MARC

LEADER 00000nta a2200000 i 4500
001 dolg59579
005 20260409145245.0
008 260409suuuu hu om 000 hun d
040 |a BGE Dolgozattár Repozitórium  |b hun 
041 |a hu 
100 1 |a Horváth Szandra 
245 1 2 |a A Tomorrowland, mint az egyik vezető fesztivál szerepe a nemzetközi fesztiválpiacon  |c Horváth Szandra  |h [elektronikus dokumentum] 
520 3 |a A modern világban a zenei fesztiválok már nem csupán szórakoztatási formák, hanem jelentős kulturális, gazdasági és társadalmi jelenségekké váltak, amelyek mélyrehatóan befolyásolják a közösségi életet. Ez hazánkban sincsen máshogy, én viszont az egyik kedvenc fesztiválomról, a Tomorrowlandről írom a szakdolgozatomaz, ami az egyik legismertebb és legjelentősebb elektronikus zenei fesztivál, amely egyedi, tematikus univerzumával és innovatív dizájnjával világszerte figyelmet kelt.A dolgozat célja, hogy átfogó képet adjon a Tomorrowland egyedi sajátosságairól, bemutatva a rendezvény fejlődését az első, korlátozott költségvetésű kiadástól egészen a globális szupersztárok által látogatott eseményig. A dolgozat fő témája a fesztivál jelentősége és különlegessége a nemzetközi piacon, a fő kérdése pedig hogy milyen elemeinek köszönheti ez a rendezvény azt a hatalmas sikert, ami miatt minden évben pár óra alatt sikerül eladniuk több szár ezer belépőjegyet. 
695 |a Belgium 
695 |a fesztivál 
695 |a nemzetközi rendezvények 
695 |a rendezvények 
695 |a zene 
700 1 |a Bándoli Attila István  |e ths 
856 4 0 |u http://dolgozattar.uni-bge.hu/59579/1/Szakdolgozat_IIH3TR.pdf  |z Dokumentum-elérés 
856 4 0 |u http://dolgozattar.uni-bge.hu/59579/2/Szakdolgozat%20%C3%A9rt%C3%A9kel%C5%91%20Horv%C3%A1th%20Szandra%20IIH3TR.pdf  |z Dokumentum-elérés 
856 4 0 |u http://dolgozattar.uni-bge.hu/59579/3/Horv%C3%A1th%20Szandra%20Szakdolgozati%20B%C3%ADr%C3%A1lati%20lap_BSc_BA_MSc_MA_2025.pdf  |z Dokumentum-elérés